00749nam a2200181Ia 4500008004100000020001800041082001400059100004300073245012500116250000600241260002800247300001000275500004600285650004000331700008800371952009100459999001700550120629s9999 xx 000 0 und d a970-638-263-1 a801 V713l aVillaseñor López, Victoria Yolanda aLiteratura 1 / Victoria Yolanda Villaseñor López ; José Angel Escarpeta Sánchez ; Guadalupe Calderón Abascal a2 aMéxico : Nueva Imagen a232 p aBibliografía, evaluación y respuestas a1. LITERATURA-ESTUDIO Y ENSEÑANZA aEscarpeta Sánchez, José Angel; ases. \ Calderón Abascal, Guadalupe; ases.Ì 00104070a15b15d2008-09-01l0o801 V713Lp15 002800r2017-12-07t1w2012-06-28yLB c76404d76404